[Event "Berlin Eckbauer op 15th"]
[Site "Berlin"]
[Date "2012.11.19"]
[Round "6.29"]
[White "Wuesthoff, Ralf"]
[Black "Bartoszek, Norbert"]
[Result "1-0"]
[WhiteElo "1614"]
[BlackElo "1417"]
[PlyCount "63"]
[EventDate "2012.10.15"]
[EventType "swiss"]
[EventRounds "7"]
[EventCountry "GER"]
[SourceTitle "EXT 2022"]
[Source "ChessBase"]
[SourceDate "2021.10.06"]
[SourceVersion "1"]
[SourceVersionDate "2021.10.06"]
[SourceQuality "1"]

1. e4 c5 2. b3 d6 3. f4 Nc6 4. Nf3 Bg4 5. c3 Nf6 6. d3 g6 7. Nbd2 Bg7 8. Be2 Nh5 9. Nb1 Qa5 10. 0-0 0-0 11. Bd2 Qc7 12. Na3 a6 13. Rc1 b5 14. Nc2 Qa5 15. Ne3 Bxf3 16. Rxf3 Nf6 17. h3 Qb6 18. Qe1 Rfc8 19. Ng4 Nxg4 20. hxg4 a5 21. Rh3 a4 22. Qh4 h6 23. b4 c4+ 24. Be3 Qb7 25. d4 e5 26. fxe5 dxe5 27. Bxh6 f6 28. d5 Na7 29. Be3 Rf8 30. Rf1 Rac8 31. g5 fxg5 32. Qh7# 1-0

[Event "Berlin Eckbauer op 15th"]
[Site "Berlin"]
[Date "2012.11.12"]
[Round "5.24"]
[White "Bartoszek, Norbert"]
[Black "Prix, Siegfried"]
[Result "0-1"]
[WhiteElo "1417"]
[BlackElo "1799"]
[PlyCount "58"]
[EventDate "2012.10.15"]
[EventType "swiss"]
[EventRounds "7"]
[EventCountry "GER"]
[SourceTitle "EXT 2022"]
[Source "ChessBase"]
[SourceDate "2021.10.06"]
[SourceVersion "1"]
[SourceVersionDate "2021.10.06"]
[SourceQuality "1"]

1. e4 e5 2. Bc4 Nf6 3. d4 Nc6 4. Nf3 Nxe4 5. 0-0 exd4 6. Re1 d5 7. Bxd5 Qxd5 8. Nc3 Qa5 9. Rxe4+ Be6 10. Nxd4 Nxd4 11. Rxd4 Bc5 12. Re4 0-0 13. Qe2 Rad8 14. Be3 Be7 15. Ra4 Qe5 16. Re4 Qf5 17. Rf4 Qg6 18. Re1 Bf6 19. Rb4 b6 20. a4 a5 21. Rb5 Bg4 22. f3 Bf5 23. Nd5 Bxc2 24. Nxf6+ gxf6 25. Qf2 Bxa4 26. Rxb6 cxb6 27. Bxb6 Rc8 28. Bd4 Rc2 29. Qh4 Qxg2# 0-1

[Event "Berlin op 09"]
[Site "Berlin"]
[Date "2005.10.24"]
[Round "7"]
[White "Bartoszek, Norbert"]
[Black "Stiewe, Frank"]
[Result "0-1"]
[WhiteElo "1331"]
[BlackElo "1384"]
[PlyCount "44"]
[EventDate "2005.09.05"]
[EventType "swiss"]
[EventRounds "7"]
[EventCountry "GER"]
[SourceTitle "EXT 2007"]
[Source "ChessBase"]
[SourceDate "2006.11.23"]
[SourceVersion "1"]
[SourceVersionDate "2006.11.23"]
[SourceQuality "1"]

1. e4 c5 2. Nf3 Nc6 3. d4 cxd4 4. Nxd4 Nf6 5. Nc3 a6 6. Bg5 Qb6 7. Nxc6 dxc6 8. Qd2 h6 9. Bxf6 exf6 10. Bd3 Qxb2 11. Rb1 Qa3 12. Rb3 Qa5 13. 0-0 Be6 14. Rxb7 Bb4 15. Rxb4 Qxb4 16. Rb1 Qa5 17. Rb7 0-0-0 18. Rb2 Bc4 19. Qe2 Bxd3 20. cxd3 Qxc3 21. g3 h5 22. Rc2 Qxd3 0-1

[Event "Berlin op 09"]
[Site "Berlin"]
[Date "2005.09.12"]
[Round "2"]
[White "Bartoszek, Norbert"]
[Black "Kleemeyer, Olaf"]
[Result "1/2-1/2"]
[WhiteElo "1331"]
[BlackElo "1625"]
[PlyCount "108"]
[EventDate "2005.09.05"]
[EventType "swiss"]
[EventRounds "7"]
[EventCountry "GER"]
[SourceTitle "EXT 2007"]
[Source "ChessBase"]
[SourceDate "2006.11.23"]
[SourceVersion "1"]
[SourceVersionDate "2006.11.23"]
[SourceQuality "1"]

1. e4 e6 2. d4 d5 3. Nc3 dxe4 4. Nxe4 Nd7 5. Nf3 Ngf6 6. Bg5 Be7 7. Bd3 Nxe4 8. Bxe7 Qxe7 9. Bxe4 Nf6 10. Nd2 Nxe4 11. Nxe4 b6 12. c3 Bb7 13. f3 Bxe4 14. fxe4 Qh4+ 15. g3 Qxe4+ 16. Kf2 0-0 17. Re1 Qd5 18. Re5 Qd6 19. Qe2 Rfd8 20. Re1 Rac8 21. Qf3 c5 22. d5 exd5 23. Re7 Qf6 24. Qxf6 gxf6 25. Rxa7 Re8 26. Ree7 Rxe7 27. Rxe7 d4 28. Rd7 dxc3 29. bxc3 Ra8 30. Rd2 Ra3 31. Rc2 Kf8 32. Kf3 Ra4 33. Ke3 Ke7 34. h3 b5 35. Kd3 f5 36. Re2+ Kd6 37. Rf2 Ke5 38. Re2+ Re4 39. Rb2 b4 40. cxb4 cxb4 41. Rc2 Rd4+ 42. Ke3 f4+ 43. gxf4+ Rxf4 44. Rc5+ Kd6 45. Rh5 Rc4 46. Kd3 Rf4 47. Ke3 Rc4 48. Kd3 Rc3+ 49. Kd2 Ra3 50. Rxh7 Rxa2+ 51. Kc1 f5 52. Rh4 b3 53. Kb1 Ke5 54. Rb4 Rf2 1/2-1/2

[Event "Berlin op 09"]
[Site "Berlin"]
[Date "2004.10.18"]
[Round "7"]
[White "Bartoszek, Norbert"]
[Black "Prinz, Tade"]
[Result "1-0"]
[WhiteElo "1307"]
[BlackElo "1565"]
[PlyCount "161"]
[EventDate "2004.09.06"]
[EventType "swiss"]
[EventRounds "7"]
[EventCountry "GER"]
[SourceTitle "EXT 2007"]
[Source "ChessBase"]
[SourceDate "2006.11.23"]
[SourceVersion "1"]
[SourceVersionDate "2006.11.23"]
[SourceQuality "1"]

1. e4 e5 2. Bc4 Nc6 3. Nf3 Nd4 4. d3 d6 5. Nxd4 exd4 6. 0-0 Be7 7. Nd2 Bd7 8. Nf3 c5 9. Bd2 a5 10. a4 h5 11. Re1 f6 12. Nh4 Qc7 13. h3 0-0-0 14. Ng6 Nh6 15. Nxe7+ Kb8 16. Nd5 Qc8 17. Bxa5 Rde8 18. Qd2 b6 19. Bxb6 Qb7 20. Qa5 Bc6 21. Bc7+ Kc8 22. Ba6 Bxd5 23. Bxb7+ Bxb7 24. Bxd6 Kd7 25. Qc7+ Ke6 26. Qxb7 Kxd6 27. Qd5+ Ke7 28. Qxc5+ Kf7 29. Qd5+ Kg6 30. Qxd4 Nf7 31. a5 Rd8 32. Qe3 Rhe8 33. Qg3+ Kh6 34. a6 g5 35. a7 Ne5 36. a8Q Rxa8 37. Rxa8 Rxa8 38. b4 Ra2 39. Rc1 Rb2 40. Qe3 Rxb4 41. Qc5 Rb2 42. Qf8+ Kg6 43. Ra1 g4 44. h4 g3 45. Qg8+ Kh6 46. Qxg3 Rxc2 47. Ra7 Rc1+ 48. Kh2 Ng4+ 49. Qxg4 hxg4 50. g3 Rd1 51. Rd7 Kg6 52. d4 Re1 53. Re7 Rd1 54. d5 Rd4 55. Kg2 f5 56. exf5+ Kxf5 57. Rd7 Ke5 58. h5 Ra4 59. Rd8 Ra7 60. d6 Rh7 61. d7 Ke6 62. Rg8 Kxd7 63. Rxg4 Rxh5 64. Kf3 Ke6 65. Re4+ Kd5 66. Ke3 Rh3 67. Rh4 Rxh4 68. gxh4 Ke5 69. Kf3 Kf5 70. Kg3 Kg6 71. Kg4 Kh6 72. h5 Kh7 73. Kg5 Kg7 74. f4 Kh7 75. f5 Kg7 76. Kf4 Kf6 77. h6 Kf7 78. Ke5 Kf8 79. Ke6 Kg8 80. f6 Kf8 81. h7 1-0

[Event "Berlin op 09"]
[Site "Berlin"]
[Date "2004.10.11"]
[Round "6"]
[White "Bartoszek, Norbert"]
[Black "Prix, Siegfried"]
[Result "0-1"]
[WhiteElo "1307"]
[BlackElo "1584"]
[PlyCount "114"]
[EventDate "2004.09.06"]
[EventType "swiss"]
[EventRounds "7"]
[EventCountry "GER"]
[SourceTitle "EXT 2007"]
[Source "ChessBase"]
[SourceDate "2006.11.23"]
[SourceVersion "1"]
[SourceVersionDate "2006.11.23"]
[SourceQuality "1"]

1. e4 c5 2. Nf3 d6 3. d4 cxd4 4. Nxd4 Nf6 5. Nc3 a6 6. Bg5 e6 7. Bc4 Be7 8. 0-0 Nbd7 9. Bb3 Nc5 10. Re1 0-0 11. Nf3 h6 12. Bh4 b5 13. a3 Nxb3 14. cxb3 Bb7 15. e5 Nd5 16. Bxe7 Qxe7 17. Rc1 Rad8 18. exd6 Qxd6 19. Ne4 Qb8 20. Qc2 Rc8 21. Qb1 Rxc1 22. Rxc1 Nf4 23. Re1 Bd5 24. Nfd2 f5 25. Kf1 fxe4 26. Nxe4 Bxb3 27. f3 Bc4+ 28. Kg1 Qb6+ 29. Kh1 Nd3 30. Rd1 Ne5 31. b4 Rd8 32. Nc5 Bd5 33. Rc1 Nc4 34. Qg6 e5 35. Qh5 Bf7 36. Qh4 Qf6 37. Qf2 a5 38. h3 Rd2 39. Qg1 axb4 40. Ne4 Qf4 41. Nxd2 Nxd2 42. axb4 Bc4 43. Ra1 Nb3 44. Ra8+ Kf7 45. Qa7+ Kg6 46. Qe7 Nd4 47. Ra6+ Kh7 48. Rf6 Nf5 49. Qd7 Ng3+ 50. Kg1 Qxf6 51. Kh2 Qf4 52. Kg1 Nf5 53. Kh1 Nh4 54. Qe7 Qg3 55. Qxh4 Qxh4 56. Kh2 Qf2 57. h4 Bf1 0-1

[Event "Berlin op 09"]
[Site "Berlin"]
[Date "2004.10.04"]
[Round "5"]
[White "Cirakoglu, Alper Tolga"]
[Black "Bartoszek, Norbert"]
[Result "1-0"]
[WhiteElo "1555"]
[BlackElo "1307"]
[PlyCount "89"]
[EventDate "2004.09.06"]
[EventType "swiss"]
[EventRounds "7"]
[EventCountry "GER"]
[SourceTitle "EXT 2007"]
[Source "ChessBase"]
[SourceDate "2006.11.23"]
[SourceVersion "1"]
[SourceVersionDate "2006.11.23"]
[SourceQuality "1"]

1. e4 c5 2. c3 d6 3. d4 cxd4 4. cxd4 Nf6 5. Nc3 g6 6. Bc4 Bg7 7. Nf3 Nc6 8. 0-0 0-0 9. h3 Bd7 10. Bg5 h6 11. Be3 a6 12. Nh4 Kh7 13. f4 b5 14. Bd3 Nb4 15. Bb1 Qc8 16. Qf3 Kh8 17. a3 Nc6 18. e5 Ng8 19. Qg3 Bf5 20. Ne4 d5 21. Nc5 Bxb1 22. Raxb1 Kh7 23. e6 Nxd4 24. Qf2 Nxe6 25. Rbc1 Nxc5 26. Bxc5 Qb7 27. f5 g5 28. Nf3 Bf6 29. Rfe1 Rfe8 30. Ne5 Kg7 31. Re2 Rac8 32. b4 Bxe5 33. Rxe5 Nf6 34. Qd4 Rcd8 35. Rce1 Rd7 36. R1e3 Kg8 37. h4 Ne4 38. f6 g4 39. Rg3 Nxf6 40. Rxg4+ Nxg4 41. Qxg4+ Kh7 42. Qf5+ Kg7 43. Re3 e6 44. Rg3+ Kh8 45. Qf6+ 1-0

[Event "Berlin op 09"]
[Site "Berlin"]
[Date "2004.09.13"]
[Round "2"]
[White "Hadj Sassi, Nabil"]
[Black "Bartoszek, Norbert"]
[Result "1-0"]
[WhiteElo "1936"]
[BlackElo "1307"]
[PlyCount "59"]
[EventDate "2004.09.06"]
[EventType "swiss"]
[EventRounds "7"]
[EventCountry "GER"]
[SourceTitle "EXT 2007"]
[Source "ChessBase"]
[SourceDate "2006.11.23"]
[SourceVersion "1"]
[SourceVersionDate "2006.11.23"]
[SourceQuality "1"]

1. e4 c5 2. d3 d6 3. Nc3 Nf6 4. f4 Nc6 5. Nf3 Bg4 6. h3 Bxf3 7. Qxf3 Nd4 8. Qd1 g6 9. Ne2 Nc6 10. g4 Bg7 11. Bg2 Qb6 12. c3 0-0-0 13. Be3 h5 14. g5 Nd7 15. Qc2 Kb8 16. 0-0 h4 17. b4 Nxb4 18. cxb4 Bxa1 19. bxc5 dxc5 20. Rxa1 Rc8 21. Nc3 e6 22. e5 Qa6 23. Rb1 Nb6 24. Ne4 Nd5 25. Nxc5 Rxc5 26. Qxc5 Rc8 27. Qd4 Rc2 28. Bxd5 exd5 29. Qxd5 Re2 30. Qd8# 1-0

[Event "Berlin Lichtenberger Sommer 2nd"]
[Site "Berlin"]
[Date "2003.08.16"]
[Round "1.75"]
[White "Nabel, Matthias"]
[Black "Bartoszek, Norbert"]
[Result "1-0"]
[WhiteElo "1876"]
[BlackElo "1217"]
[PlyCount "103"]
[EventDate "2003.08.16"]
[EventType "swiss"]
[EventRounds "9"]
[EventCountry "GER"]
[SourceTitle "EXT 2022"]
[Source "ChessBase"]
[SourceDate "2021.10.06"]
[SourceVersion "1"]
[SourceVersionDate "2021.10.06"]
[SourceQuality "1"]

1. d4 Nf6 2. Nf3 g6 3. g3 d5 4. Bg2 c6 5. 0-0 Bg7 6. Nbd2 0-0 7. Ne5 Nbd7 8. Ndf3 Nh5 9. c3 Nxe5 10. dxe5 Bh8 11. Bh6 Bg7 12. Bxg7 Nxg7 13. Qd2 Bg4 14. Rad1 Qc7 15. Qf4 Bxf3 16. exf3 e6 17. Rfe1 Qb6 18. Qd2 Rad8 19. f4 Rd7 20. b4 Rfd8 21. Qd4 Qa6 22. Qd2 Qb6 23. Qd4 Qa6 24. Bf1 b5 25. g4 Qc8 26. Re3 Rc7 27. Qd2 Kh8 28. Rh3 Rcd7 29. f5 Nxf5 30. gxf5 gxf5 31. Qh6 Rg8+ 32. Rg3 Rg6 33. Rxg6 fxg6 34. Qe3 Qd8 35. a4 bxa4 36. Qc5 f4 37. Qxc6 Qg5+ 38. Kh1 Re7 39. Qd6 Kg7 40. f3 Qh4 41. Bg2 Kf7 42. Qc5 g5 43. Qd4 Rc7 44. b5 a3 45. b6 axb6 46. Qxb6 Rxc3 47. Qb7+ Kg6 48. Qe7 a2 49. Qxe6+ Kh5 50. Qxd5 Rc2 51. Qf7+ Kh6 52. Rd6# 1-0

[Event "Saarlouis op 5th"]
[Site "Saarlouis"]
[Date "2002.05.31"]
[Round "7"]
[White "Wolf, Margot"]
[Black "Bartoszek, Norbert"]
[Result "1/2-1/2"]
[WhiteElo "1244"]
[BlackElo "1066"]
[PlyCount "45"]
[EventDate "2002.05.??"]
[EventType "swiss"]
[EventRounds "9"]
[EventCountry "GER"]
[SourceTitle "EXT 2006"]
[Source "ChessBase"]
[SourceDate "2005.11.24"]
[SourceVersion "1"]
[SourceVersionDate "2005.11.24"]
[SourceQuality "1"]

1. d4 d5 2. Nf3 Nf6 3. Bf4 e6 4. h3 Nc6 5. e3 Be7 6. c3 0-0 7. Bd3 h6 8. 0-0 b6 9. Nbd2 Bb7 10. e4 Nxe4 11. Nxe4 dxe4 12. Bxe4 Bd6 13. Bxd6 Qxd6 14. Re1 Rab8 15. Qc2 Ne7 16. Bxb7 Rxb7 17. Rad1 Ng6 18. Ne5 Nxe5 19. dxe5 Qe7 20. f4 c5 21. Rd2 Qh4 22. Qe4 Rbb8 23. Red1 1/2-1/2

[Event "Saarlouis op 5th"]
[Site "Saarlouis"]
[Date "2002.05.29"]
[Round "6"]
[White "Bartoszek, Norbert"]
[Black "Jetschke, Reiner"]
[Result "0-1"]
[WhiteElo "1066"]
[BlackElo "1792"]
[PlyCount "110"]
[EventDate "2002.05.??"]
[EventType "swiss"]
[EventRounds "9"]
[EventCountry "GER"]
[SourceTitle "EXT 2006"]
[Source "ChessBase"]
[SourceDate "2005.11.24"]
[SourceVersion "1"]
[SourceVersionDate "2005.11.24"]
[SourceQuality "1"]

1. e4 c5 2. Nf3 d6 3. d4 cxd4 4. Nxd4 Nf6 5. Nc3 a6 6. Bg5 Qb6 7. Qd2 Qxb2 8. Nb3 Qa3 9. Bxf6 gxf6 10. Nd5 Kd8 11. Qc3 Nc6 12. Nb6 Rb8 13. Bc4 Qb4 14. Qxb4 Nxb4 15. 0-0 e6 16. c3 Nc6 17. Rfd1 Kc7 18. Nxc8 Rxc8 19. Be2 h5 20. c4 h4 21. h3 Be7 22. Bg4 Rcg8 23. f3 Rg5 24. Nd4 Nxd4 25. f4 Rxg4 26. hxg4 Ne2+ 27. Kf2 Nxf4 28. Rd2 e5 29. Rad1 Ne6 30. Rb2 Nc5 31. Rbd2 Nxe4+ 32. Kf3 Nxd2+ 33. Rxd2 h3 34. gxh3 Rxh3+ 35. Kg2 Rc3 36. Rd1 Rxc4 37. Rh1 Rxg4+ 38. Kf3 Rf4+ 39. Ke3 d5 40. Rh7 Bc5+ 41. Ke2 Rf2+ 42. Ke1 Rxa2 43. Rxf7+ Kb6 44. Rxf6+ Kb5 45. Rf5 Bd4 46. Rf7 b6 47. Kd1 Kc4 48. Rf3 e4 49. Rh3 e3 50. Kc1 Kd3 51. Rxe3+ Bxe3+ 52. Kb1 Rh2 53. Ka1 Bd4+ 54. Kb1 Kc3 55. Ka1 Kb3+ 0-1

[Event "Saarlouis op 5th"]
[Site "Saarlouis"]
[Date "2002.05.28"]
[Round "5"]
[White "Schorn, Siegfried"]
[Black "Bartoszek, Norbert"]
[Result "1/2-1/2"]
[WhiteElo "1415"]
[BlackElo "1066"]
[PlyCount "100"]
[EventDate "2002.05.??"]
[EventType "swiss"]
[EventRounds "9"]
[EventCountry "GER"]
[SourceTitle "EXT 2006"]
[Source "ChessBase"]
[SourceDate "2005.11.24"]
[SourceVersion "1"]
[SourceVersionDate "2005.11.24"]
[SourceQuality "1"]

1. e4 c5 2. Nf3 d6 3. Bb5+ Nd7 4. 0-0 Ngf6 5. Re1 a6 6. Bxd7+ Bxd7 7. h3 e6 8. c3 Be7 9. d4 Bc6 10. Qe2 Bxe4 11. Bg5 Bxf3 12. Qxf3 d5 13. Bxf6 Bxf6 14. dxc5 0-0 15. Nd2 Qc7 16. b4 Kh8 17. Rac1 Rg8 18. c4 Bg5 19. Rc2 Rae8 20. cxd5 exd5 21. Re2 Re5 22. Nb3 f6 23. Rxe5 Qxe5 24. Re2 Qc7 25. Qf5 Rd8 26. Qe6 h6 27. Nd4 Qf4 28. Nf5 Qxb4 29. Nd6 Kh7 30. Qf5+ g6 31. Re7+ Kh8 32. Nf7+ Kg8 33. Qe6 Qb1+ 34. Kh2 Bf4+ 35. g3 Bxg3+ 36. fxg3 Qc2+ 37. Kg1 Qd1+ 38. Qe1 Qxe1+ 39. Rxe1 Kxf7 40. Rb1 Rd7 41. Kf2 f5 42. Ke3 h5 43. Kd4 g5 44. Rb6 g4 45. h4 f4 46. gxf4 g3 47. Rb3 g2 48. Rg3 Re7 49. Rxg2 Re4+ 50. Kxd5 Rxf4 1/2-1/2

[Event "Saarlouis op 5th"]
[Site "Saarlouis"]
[Date "2002.05.27"]
[Round "4"]
[White "Bartoszek, Norbert"]
[Black "Vierroth, Hans"]
[Result "0-1"]
[WhiteElo "1066"]
[BlackElo "1771"]
[PlyCount "73"]
[EventDate "2002.05.??"]
[EventType "swiss"]
[EventRounds "9"]
[EventCountry "GER"]
[SourceTitle "EXT 2006"]
[Source "ChessBase"]
[SourceDate "2005.11.24"]
[SourceVersion "1"]
[SourceVersionDate "2005.11.24"]
[SourceQuality "1"]

1. e4 g6 2. d4 Bg7 3. Nc3 d6 4. Nf3 Nf6 5. Bc4 c6 6. Bg5 0-0 7. Qd2 b5 8. Bb3 b4 9. Ne2 a5 10. Bh6 Ba6 11. Bxg7 Kxg7 12. Qe3 a4 13. Bxa4 Bxe2 14. Qxe2 Rxa4 15. c3 Ra5 16. 0-0 Nbd7 17. Rfe1 e5 18. Nh4 exd4 19. Qd2 Rh5 20. Nf3 c5 21. h3 Ne5 22. Qf4 Nxf3+ 23. Qxf3 Re5 24. g4 Rfe8 25. Kh2 d5 26. Rg1 dxe4 27. Qf4 Nd5 28. Qg3 Qe7 29. h4 e3 30. f3 e2 31. Rge1 Re3 32. h5 Qe5 33. Rh1 Qxg3+ 34. Kxg3 Nxc3 35. g5 Rc8 36. Kg4 Ne4 37. Kf4 0-1

[Event "Berlin Eckbauer op 4th"]
[Site "Berlin"]
[Date "2001.10.15"]
[Round "3"]
[White "Bartoszek, Norbert"]
[Black "Nuristani, Akbar"]
[Result "0-1"]
[WhiteElo "1066"]
[BlackElo "1875"]
[PlyCount "64"]
[EventDate "2001.10.??"]
[EventType "swiss"]
[EventRounds "7"]
[EventCountry "GER"]
[SourceTitle "EXT 2005"]
[Source "ChessBase"]
[SourceDate "2004.11.15"]
[SourceVersion "1"]
[SourceVersionDate "2004.11.15"]
[SourceQuality "1"]

1. e4 b6 2. Nc3 Bb7 3. Nf3 g6 4. Be2 Bg7 5. d3 Nc6 6. Be3 Nf6 7. Qd2 h5 8. h3 d6 9. 0-0-0 a5 10. g4 a4 11. g5 Nd7 12. h4 a3 13. b3 Nb4 14. Kb1 c5 15. Rh3 Nb8 16. Bf4 N8c6 17. Ne1 Nd4 18. Re3 0-0 19. Bf3 b5 20. Rc1 Qa5 21. e5 d5 22. e6 fxe6 23. Be5 Nxf3 24. Rxf3 Bxe5 25. Rxf8+ Rxf8 26. Ng2 Nc6 27. Rf1 Bxc3 28. Qe2 Be5 29. f4 Qc3 30. Kc1 Nd4 31. Qf2 Bxf4+ 32. Nxf4 Rxf4 0-1

[Event "Berlin Eckbauer op 4th"]
[Site "Berlin"]
[Date "2001.10.01"]
[Round "1"]
[White "Rossi, Enzo"]
[Black "Bartoszek, Norbert"]
[Result "1-0"]
[WhiteElo "1878"]
[BlackElo "1066"]
[PlyCount "65"]
[EventDate "2001.10.??"]
[EventType "swiss"]
[EventRounds "7"]
[EventCountry "GER"]
[SourceTitle "EXT 2005"]
[Source "ChessBase"]
[SourceDate "2004.11.15"]
[SourceVersion "1"]
[SourceVersionDate "2004.11.15"]
[SourceQuality "1"]

1. c4 e6 2. Nf3 Nf6 3. g3 d5 4. d4 c5 5. Bg2 cxd4 6. Nxd4 Nc6 7. cxd5 exd5 8. 0-0 Be7 9. Nc3 Be6 10. Nxe6 fxe6 11. e3 a6 12. b3 0-0 13. Bb2 b5 14. Rc1 Rc8 15. Qe2 d4 16. Rfd1 Qb6 17. exd4 Nxd4 18. Rxd4 Bc5 19. Rf4 Bxf2+ 20. Qxf2 Qxf2+ 21. Rxf2 Ng4 22. Rxf8+ Rxf8 23. Rf1 Rd8 24. Bh3 Ne3 25. Bxe6+ Kh8 26. Re1 Nc2 27. Rd1 Re8 28. Bh3 h6 29. Nd5 Ne1 30. Kf2 Nc2 31. Rc1 Rf8+ 32. Ke2 Re8+ 33. Kd2 1-0